| 000 | 01159cam a2200217 4500 | ||
|---|---|---|---|
| 001 | ABS68415 | ||
| 008 | 041118n2004 000 0 eng u | ||
| 035 | _a(Sirsi) u128034 | ||
| 100 | _aYeomans, D. | ||
| 245 | _aSaving structures | ||
| 260 | _c2004 | ||
| 490 |
_aJournal of Architectural Conservation _v3(10) November 2004, 59-72(14) |
||
| 520 | _aThe analysis of historic structures is often carried out using similar methods to those employed for new construction, while recommendations for repair may be framed to comply with modern design codes. Both are often inappropriate. A scientific committee of the International Council on Monuments and Sites (ICOMOS) has recently drafted a set of recommendations that point out the dangers to the historic fabric of adopting this kind of approach, while also describing more appropriate methods. This paper outlines the background to the drafting of these recommendations and reviews their main points. (Taken from article abstract). | ||
| 590 | _aABS | ||
| 590 | _aABS | ||
| 650 | _aICOMOS | ||
| 650 | _aHISTORIC BUILDINGS | ||
| 650 | _aREPAIRS | ||
| 690 | _aBUILDING CONSERVATION | ||
| 942 | _n0 | ||
| 999 |
_c118333 _d118333 |
||